| 000 | 00735nam a2200253 a 4500 | ||
|---|---|---|---|
| 001 | 80400 | ||
| 003 | BD-RjUL | ||
| 005 | 20220920113100.0 | ||
| 008 | 220920s1966 enkar 0 0 0eng d | ||
| 035 | _a1095798 | ||
| 035 | _a(BD-RjUL)80400 | ||
| 040 |
_aANL _beng _dANL _cBD-RjUL |
||
| 041 | _aeng | ||
| 082 | 0 | 4 |
_223 _a383.23 _bSTA 1966 |
| 245 | 0 | 0 | _aStanley Gibbons priced postage stamp catalogue . |
| 250 | _a56th ed. | ||
| 260 |
_aLondon : _bStanley Gibbons Ltd., _c1966 |
||
| 300 |
_av. : _bill. ; _c24 cm. |
||
| 500 | _aAt head of title: Stanley Gibbons sectional catalogue. | ||
| 500 | _aIssued in 12 parts. | ||
| 505 | _aPart II - Europe and colonies-- | ||
| 650 | 0 |
_aPostage-stamps _xCatalogs. _94910 |
|
| 942 |
_2ddc _cBK |
||
| 999 |
_c80400 _d80400 |
||